[Event "SVK-chT3A2 0809"]
[Site "Slovakia"]
[Date "2009.02.08"]
[Round "7.6"]
[White "Bincik, Pavol"]
[Black "Racik, Marek"]
[Result "1-0"]
[WhiteElo "1890"]
[BlackElo "1932"]
[PlyCount "66"]
[EventDate "2008.10.19"]
[EventType "team-tourn"]
[EventRounds "11"]
[EventCountry "SVK"]
[SourceTitle "EXT 2010"]
[Source "ChessBase"]
[SourceDate "2010.11.25"]
[SourceVersion "1"]
[SourceVersionDate "2010.11.25"]
[SourceQuality "1"]
[WhiteTeam "Piestany Kupele II"]
[BlackTeam "Hlohovec SK Zentiva III"]
[WhiteTeamCountry "SVK"]
[BlackTeamCountry "SVK"]

1. d4 d5 2. c4 c6 3. Nc3 Nf6 4. Nf3 Bf5 5. Qb3 b6 6. cxd5 Nxd5 7. Bg5 Nxc3 8. bxc3 g6 9. e3 Bg7 10. Bc4 0-0 11. a4 Nd7 12. 0-0 Rc8 13. Ba6 Rc7 14. Bf4 e5 15. Nxe5 Nxe5 16. Bxe5 Bxe5 17. dxe5 Re8 18. Rad1 Qg5 19. f4 Qg4 20. Rf2 Be6 21. Qc2 Bf5 22. Qc1 Be4 23. Be2 Qe6 24. Rd6 Qb3 25. Bd1 Qc4 26. Rd4 Qe6 27. Rxe4 c5 28. f5 gxf5 29. Ref4 Qxe5 30. R2f3 Rce7 31. Rxf5 Qe4 32. Bc2 Qc4 33. e4 Qxc3 1-0

[Event "SVK-chT3A2 0809"]
[Site "Slovakia"]
[Date "2008.11.30"]
[Round "3.6"]
[White "Bincik, Pavol"]
[Black "Pagerka, Slavomir"]
[Result "1-0"]
[WhiteElo "1890"]
[BlackElo "1848"]
[PlyCount "138"]
[EventDate "2008.10.19"]
[EventType "team-tourn"]
[EventRounds "11"]
[EventCountry "SVK"]
[SourceTitle "EXT 2010"]
[Source "ChessBase"]
[SourceDate "2010.11.25"]
[SourceVersion "1"]
[SourceVersionDate "2010.11.25"]
[SourceQuality "1"]
[WhiteTeam "Piestany Kupele II"]
[BlackTeam "Osuske II"]
[WhiteTeamCountry "SVK"]
[BlackTeamCountry "SVK"]

1. d4 e6 2. c4 d5 3. Nc3 Nf6 4. Bg5 Be7 5. Nf3 c6 6. e3 Nbd7 7. cxd5 Nxd5 8. Bxe7 Qxe7 9. Bd3 Nxc3 10. bxc3 b6 11. 0-0 0-0 12. Qa4 Bb7 13. Rac1 c5 14. Qc2 h6 15. Be4 Bxe4 16. Qxe4 Rab8 17. a4 Rfc8 18. Rfd1 Rc7 19. h3 Rbc8 20. Qb1 cxd4 21. cxd4 Qd6 22. Qb2 Rc4 23. Nd2 R4c6 24. Nf3 Qd5 25. Rxc6 Qxc6 26. Qb5 Qc2 27. Rf1 Qc7 28. Ne1 Qc6 29. Nd3 Qxb5 30. axb5 Rc3 31. Nb4 Rb3 32. Nc6 Rxb5 33. Nxa7 Rb2 34. Rc1 Nf6 35. Rc8+ Kh7 36. Nc6 Rb1+ 37. Kh2 Ne4 38. f3 Nd2 39. e4 b5 40. Rb8 Nf1+ 41. Kg1 Ne3+ 42. Kf2 Nc4 43. Ke2 f5 44. Kd3 fxe4+ 45. fxe4 Rb3+ 46. Kc2 Rb2+ 47. Kc3 Rxg2 48. Rxb5 Nd6 49. Re5 Rg3+ 50. Kb4 Re3 51. Rxe6 Nxe4 52. d5 Re1 53. Kc4 Rc1+ 54. Kd4 Ng5 55. Re3 Ra1 56. d6 Rd1+ 57. Kc5 Nf7 58. Re6 Nxd6 59. Rxd6 Rxd6 60. Kxd6 Kg6 61. Ne5+ Kg5 62. Nf3+ Kf4 63. Ng1 Kg3 64. Ke6 Kg2 65. Kf7 Kxg1 66. Kxg7 Kg2 67. h4 Kg3 68. h5 Kg4 69. Kxh6 Kf5 1-0

[Event "SVK-chT2A 0809"]
[Site "Slovakia"]
[Date "2008.10.12"]
[Round "2.8"]
[White "Hajek, Lukas"]
[Black "Bincik, Pavol"]
[Result "1/2-1/2"]
[WhiteElo "1587"]
[BlackElo "1890"]
[PlyCount "38"]
[EventDate "2008.10.11"]
[EventType "team-tourn"]
[EventRounds "11"]
[EventCountry "SVK"]
[SourceTitle "EXT 2010"]
[Source "ChessBase"]
[SourceDate "2010.11.25"]
[SourceVersion "1"]
[SourceVersionDate "2010.11.25"]
[SourceQuality "1"]
[WhiteTeam "Bratislava Doprastav IV"]
[BlackTeam "Piestany Kupele"]
[WhiteTeamCountry "SVK"]
[BlackTeamCountry "SVK"]

1. d4 d5 2. c4 c6 3. Nc3 Nf6 4. Bf4 dxc4 5. e3 b5 6. a4 b4 7. Nb1 a5 8. Bxc4 Ba6 9. Bxa6 Nxa6 10. Qc2 Qd5 11. Nf3 c5 12. 0-0 e6 13. Nbd2 cxd4 14. exd4 Be7 15. Qc4 0-0 16. Qxd5 Nxd5 17. Bg3 Rfc8 18. Rfc1 Bd8 19. Ne4 Be7 1/2-1/2

[Event "SVK-chT1W 0607"]
[Site "Slovakia"]
[Date "2007.02.10"]
[Round "8.6"]
[White "Bincik, Pavol"]
[Black "Hacik, Radomir"]
[Result "0-1"]
[WhiteElo "1937"]
[BlackElo "2206"]
[PlyCount "82"]
[EventDate "2006.10.07"]
[EventType "team-tourn"]
[EventRounds "11"]
[EventCountry "SVK"]
[SourceTitle "EXT 2008"]
[Source "ChessBase"]
[SourceDate "2007.11.25"]
[SourceVersion "1"]
[SourceVersionDate "2007.11.25"]
[SourceQuality "1"]
[WhiteTeam "Piestany Kupele"]
[BlackTeam "Bratislava Slovan"]
[WhiteTeamCountry "SVK"]
[BlackTeamCountry "SVK"]

1. d4 Nf6 2. c4 e6 3. Nf3 d5 4. Nc3 Nbd7 5. Bg5 c6 6. e3 Qa5 7. Nd2 Bb4 8. Qc2 0-0 9. a3 Re8 10. Rc1 Bd6 11. Nb3 Qc7 12. h3 h6 13. Bxf6 Nxf6 14. Be2 dxc4 15. Bxc4 e5 16. 0-0 a6 17. Rfd1 b5 18. Be2 Be6 19. Nc5 exd4 20. Nxe6 Rxe6 21. Rxd4 Be5 22. Rd3 Rd8 23. Rcd1 Rxd3 24. Rxd3 Bxc3 25. Qxc3 c5 26. Bf3 Re7 27. b4 c4 28. Rd4 Nd7 29. a4 Nb6 30. a5 Na4 31. Qc1 Rd7 32. Rxd7 Qxd7 33. Bd1 Nc3 34. Bg4 Qxg4 35. Qxc3 Qd1+ 36. Kh2 Qd3 37. Qe5 c3 38. Qc5 c2 39. Qc8+ Kh7 40. e4 Qc4 41. Qf5+ g6 0-1

[Event "Piestany Pressburg op"]
[Site "Piestany"]
[Date "2006.11.17"]
[Round "3"]
[White "Bincik, Pavol"]
[Black "Sturc, Gustav"]
[Result "0-1"]
[WhiteElo "1937"]
[BlackElo "2124"]
[PlyCount "63"]
[EventDate "2006.11.15"]
[EventType "swiss"]
[EventRounds "7"]
[EventCountry "SVK"]
[SourceTitle "EXT 2008"]
[Source "ChessBase"]
[SourceDate "2007.11.25"]
[SourceVersion "1"]
[SourceVersionDate "2007.11.25"]
[SourceQuality "1"]

1. d4 Nf6 2. c4 c5 3. d5 e6 4. Nc3 exd5 5. cxd5 d6 6. e4 g6 7. Nf3 Bg7 8. Bd3 0-0 9. 0-0 a6 10. a4 Re8 11. Bg5 h6 12. Bh4 g5 13. Bg3 Nh5 14. Qc2 Nxg3 15. fxg3 Nd7 16. Kh1 Ne5 17. Nxe5 Bxe5 18. Nd1 Bg4 19. Ne3 Bh5 20. g4 Bg6 21. Nf5 Kh7 22. Rf3 Bxf5 23. Rxf5 f6 24. Raf1 Kg7 25. b3 Qe7 26. R5f3 Reb8 27. Rb1 b5 28. Qa2 Qd7 29. Rff1 Qxg4 30. Rf5 Qh4 31. h3 Qg3 32. Kg1 0-1